00598nam a2200181Ia 4500008004100000020001500041100001300056245003400069250000600103260003100109300000800140500002400148650001600172942000700188952009600195952010800291999001700399230524s9999 xx 000 0 und d a8180050211 aBureau's 0aElements of Mathematics Vol-I a1 aBhubaneswarbPustak Bhavan a476 aQuantity Number: 2 aMathematics cBK 00104070aTATCLbTATCLcGENd2023-05-24l1p56189r2025-07-08s2024-01-25w2023-05-24yBK 00104070aTATCLbTATCLcGENd2023-05-24l1p56190q2024-06-08r2024-01-25s2024-01-25w2023-05-24yBK c58857d58857